| 000 | 00836nam a22002657a 4500 | ||
|---|---|---|---|
| 008 | 150721b xxu||||| |||| 00| 0 alb d | ||
| 020 | _a999271607X | ||
| 041 | 0 | _aalb | |
| 080 | _a811.18 '374.3 | ||
| 245 |
_aFjalor i shqipes së sotme : me rreth 35.000 fjalë / _cBotimet Toena. |
||
| 250 | _aBotim i Parë | ||
| 260 |
_aTiranë : _bToena, _c2002. |
||
| 300 |
_a1584 f. ; _c24 cm. |
||
| 500 | _aNë krye të fl. tit. : Akademia e Shkencave e Shqipërisë, Instituti i Gjuhësisë dhe i Letërsisë | ||
| 650 | 0 | _aGjuha shqipe | |
| 650 | 0 | _aFjalorë | |
| 700 | _aJani Thomai (red.) | ||
| 700 | _aMiço Samara (red.) | ||
| 700 | _aJosif Kole (red.) | ||
| 700 | _aPavli Haxhillazi (red.) | ||
| 700 | _aHajri Shehu (red.) | ||
| 700 | _aThanas Feka (red.) | ||
| 700 | _aKornelja Sima (red.) | ||
| 942 |
_2udc _cBK |
||
| 999 |
_c1134 _d1134 |
||